Statistics for Traditional Counties of the UK

Click here to take the quiz!

General Stats

  • This quiz has been taken 2,265 times
    (1,885 since last reset)
  • The average score is 27 of 92

Answer Stats

ANSWER% Correct
Yorkshire
83%
Cornwall
81%
Devonshire
80%
Essex
74%
Kent
74%
Sussex
73%
Norfolk
67%
Lancashire
62%
Cambridgeshire
61%
Hampshire
61%
Lincolnshire
61%
Oxfordshire
61%
Suffolk
61%
Somersetshire
59%
Dorsetshire
56%
Leicestershire
56%
Nottinghamshire
55%
Surrey
55%
Buckinghamshire
54%
Gloucestershire
54%
Northumberland
54%
Derbyshire
52%
Herefordshire
51%
Hertfordshire
51%
Bedfordshire
50%
Berkshire
49%
Worcestershire
48%
Cheshire
47%
Shropshire
46%
Warwickshire
46%
Wiltshire
46%
County Durham
45%
Northamptonshire
41%
Staffordshire
41%
Rutland
40%
Aberdeenshire
37%
Middlesex
34%
Cumberland
27%
Pembrokeshire
25%
County Londonderry
22%
Glamorgan
22%
Ayrshire
21%
Monmouthshire
19%
Lanarkshire
18%
County Antrim
17%
County Down
17%
Perthshire
17%
Anglesey
16%
Edinburghshire
16%
Fife
16%
Zetland
16%
Carmarthenshire
15%
County Armagh
15%
Orkney
15%
Flintshire
14%
County Tyrone
13%
Invernessshire
13%
Haddingtonshire
12%
Linlithgowshire
12%
Stirlingshire
12%
Westmorland
12%
Cardiganshire
11%
County Fermanagh
11%
Dumfriesshire
11%
Dunbartonshire
11%
Forfarshire
11%
Huntingdonshire
11%
Renfrewshire
11%
Denbighshire
10%
Argyllshire
9%
Sutherland
9%
Berwickshire
8%
Caithness
8%
Clackmannanshire
8%
Montgomeryshire
7%
Morayshire
7%
Banffshire
6%
Cromartyshire
6%
Kinrossshire
6%
Nairnshire
6%
Radnorshire
6%
Roxburghshire
6%
Buteshire
5%
Caernarfonshire
5%
Kincardineshire
5%
Kirkcudbrightshire
5%
Peeblesshire
5%
Rossshire
5%
Selkirkshire
5%
Wigtownshire
5%
Brecknockshire
4%
Merionethshire
4%

Score Distribution

Percentile by Number Answered

Percent of People with Each Score

Your Score History

You have not taken this quiz since the last reset